01202cam a22003011a 450000100060000000300080000600500170001400800390003103500190007003500190008904000430010804100080015108200150015910000320017424500810020626000820028730000250036949000540039450400560044850400200050465000710052465000600059565000490065565000470070465100520075165100490080365100480085222934BD-RjUL20211209000855.0140309s1967 mdu b 001 0 eng a(BD-RjUL)22999 a(OCoLC)8503101 aDLCcOWibfCdOWibfCdDLCdBD-RjULbeng aeng a821.4bBRA1 aBrinkley, Roberta Florence.10aArthurian legend in the seventeenth century /cby Roberta Florence Brinkley. aBaltimore :bJohns Hopkins ;aLondon :bH. Milford, Oxford University,c1967. axi, 228 p. ;c20 cm.0 aJohns Hopkins monographs in literary history ;v3 a"Commentary and bibliographical notes": p. 197-224. aIncludes index. 0aEnglish literatureyEarly modern, 1500-1700xHistory and criticism 0aArthurian romancesxAdaptationsxHistory and criticism. 0aMedievalismzEnglandxHistoryy17th century. 0aArthurian romancesxAppreciationzEngland. 0aGreat BritainxIntellectual lifey17th century. 0aGreat BritainxKings and rulersxSuccession. 0aGreat BritainxHistoryyStuarts, 1603-1714.